000 00431nam a2200097Ia 4500
005 20250424112855.0
008 250424s9999 xx 000 0 und d
300 _aviii, 267 p. :ill. 24 cm.
650 _a Since 1960 Conflict management--Nigeria--Periodicals. Globalization--Nigeria--Periodicals. Conflict management. Globalization. Politics and government Nigeria--Politics and government--1960---Periodicals. Nigeria.
942 _cSR
999 _c37632
_d37632